| 000 | 00581nam a2200205 a 4500 | ||
|---|---|---|---|
| 005 | 20241207063742.0 | ||
| 008 | 011031s1989 es r 000 0 spa d | ||
| 020 | _a8427708769 | ||
| 035 | _aUPN01000113682 | ||
| 049 | _aCG | ||
| 050 | 4 |
_aCB430 _bH4.7 |
|
| 100 | 1 | _aHernández Lucas, Avelino | |
| 245 | 1 | 0 |
_aCultura y desarrollo en el medio rural / _cAvelino Hernández Lucas. |
| 260 |
_aMadrid : _bNarcea, _c1989. |
||
| 300 | _a149 p. | ||
| 440 | 0 | _aSociocultural | |
| 651 | 4 |
_aESPAÑA - _xPOLITICA SOCIAL _922425 |
|
| 650 | 2 |
_aAnimación sociocultural _91050 |
|
| 905 | _aLibro | ||
| 999 |
_c87590 _d87590 |
||